000 00876nmm a2200277 a 4500
001 ocm000645420
003 TR-IsHL
005 20201028132730.0
008 131030s2005 tu tur
007 cr cn
020 _a9789756476116
035 _a645420
_b(N$T)
050 0 4 _aBP183.7.B3
_bA57 2005
090 0 4 _aBP183.7.B3
_bA57 2005
100 1 _aAltun, Ahmet
245 1 0 _aBesmelenin sırları
_h[electronic resource] /
_cAhmet Altun ; ed. Mehmet Dikmen
260 _aİstanbul :
_bCihan Yayınları,
_c2005
300 _a158 p.
650 4 _aFelsefe, Psikoloji ve Din
650 4 _aPhilosophy, Psychology and Religion
650 0 _aBesmele
650 0 _aBasmalah
650 7 _aRELIGION / Prayerbooks / Islamic
_2bisacsh
700 1 _aDikmen, Mehmet
856 4 0 _uhttp://search.ebscohost.com/login.aspx?direct=true&scope=site&db=e011xww&AN=645420
999 _c5252
_d5252